Statistiques concernant Culture Générale - Série 1795

Cliquez ici pour prendre le quiz!

Statistiques générales

  • Ce quiz a été pris 153 fois
  • Le résultat moyen est 6 sur 10

Statistiques - réponses

QuestionRéponse% Correct
Quelle est l'unique planète de notre système solaire à ne pas avoir été nommée d'après un dieu romain ou grec ? Terre
92%
Quel savant suédois a inventé la dynamite et mis en place un prix annuel portant son nom pour les avancées scientifiques et culturelles ? Alfred Nobel
88%
Quel nom porte l'appareil qui sert à mesurer la pression atmosphérique ? baromètre
80%
Quelle créature marine fait partie des rares animaux dont le mâle porte les embryons et donne naissance aux petits ?hippocampe
72%
Dans quelle partie du corps se trouve le hallux ? pied
63%
Quel métal était connu autrefois sous le nom de vif-argent ? mercure
48%
Quel nom porte l'appareil qui sert à mesurer la vitesse du vent ?anémomètre
46%
Quel type d'animal est le hoazin ou sassa ? oiseau
40%
Quelle glande du cerveau, de la taille d'un petit pois, régule les hormones ? hypophyse
37%
Quel physicien, mathématicien et inventeur, est notamment connu pour ses travaux sur la machine à vapeur ? Denis Papin
35%

Distribution des résultats

Percentile par nombre de réponses

% des personnes avec chaque résultat

Votre développement - résultats

Vous n’avez pas pris ce quiz